000 01237 a2200397 4500
001 76562
650 _960021
_aEkonomi
_xDini açıdan
999 _c76562
_d23935
003 TR-AnTOB
005 20231128112231.0
008 100629s1991 tu 000 0
020 _a9757732370
041 _atur
050 _aBL60
_b.T876 1997
090 _aBL60 .T876 1997
100 1 _aTurner, Bryan S.
_960018
245 0 _aOryantalizm,Kapitalizm ve İslam /
_cBryan S. Turner.
264 1 _aİstanbul :
_bİnsan Yayınları,
_c1991.
300 _a129s.;
_c20cm.
490 0 _aİnsan Yayınları;v70.
590 _aSayın Celil Güngör tarafından bağışlanmıştır.
650 7 _aOryantalizm
_2etuturkob
_918653
650 0 _aOrientalism
_918654
650 0 _aEkonomi
_9123595
650 _aReligion and sociology
_940038
650 _aDin ve sosyoloji
_9125211
650 _aEconomics
_963487
650 _aEconomics
_xReligious aspects
_xIslam
_984482
651 0 _aMiddle East
_xCivilization
_948063
651 7 _aOrta Doğu
_xUygarlık
_2etuturkob
_948062
700 1 _aDemirhan, Ahmet
_960019
902 _a0026293
903 _aMerkez Kütüphane.
910 _aSayın Celil Güngör tarafından bağış yapılmıştır.
945 _aPÇ,öö
942 _cBK